[Event "EYg16, Budva YUG"]
[Site "?"]
[Date "2003.??.??"]
[Round "4"]
[White "Burtasova, A."]
[Black "Majdan, J."]
[Result "0-1"]
[WhiteElo "2200"]
[BlackElo "2170"]
[PlyCount "142"]
[EventDate "2003.??.??"]

1. e4 c5 2. c3 e5 3. Nf3 d6 4. Bc4 Nc6 5. d3 Qc7 6. Bb3 Be7 7. Nbd2 Be6 8. Nf1
Nf6 9. Ne3 O-O 10. O-O Na5 11. Bd5 Qd7 12. Re1 Nc6 13. d4 cxd4 14. cxd4 exd4
15. Nxd4 Rfe8 16. Nxe6 fxe6 17. Bb3 Kh8 18. Nf1 Rad8 19. Ng3 Bf8 20. Bg5 Qf7
21. f4 Qg6 22. Qd2 d5 23. f5 exf5 24. exf5 Rxe1+ 25. Rxe1 Qf7 26. Re6 Bc5+ 27.
Be3 Qf8 28. Kh1 Bd6 29. Bf4 Bc5 30. Be3 Bd6 31. Bg5 Be7 32. h3 h6 33. Bxf6 Bxf6
34. Nh5 Bg5 35. Qf2 Qf7 36. Nf4 Ne7 37. g4 Rc8 38. Qe3 Bxf4 39. Qxf4 Rc6 40.
Re1 Ng8 41. Qe5 Nf6 42. Rd1 Rc5 43. Qd4 b6 44. Re1 Qe7 45. Qe5 Qb7 46. Kh2 a5
47. Qd6 Qc7 48. Qxc7 Rxc7 49. Rd1 b5 50. Kg3 Rd7 51. a3 a4 52. Bc2 Kg8 53. Bd3
Rb7 54. h4 b4 55. g5 hxg5 56. hxg5 bxa3 57. gxf6 axb2 58. Bb1 gxf6 59. Rxd5
Rb3+ 60. Kg4 a3 61. Ra5 Kg7 62. Ra7+ Kh6 63. Kf4 Rc3 64. Rb7 Rc1 65. Rf7 Rxb1
66. Rxf6+ Kg7 67. Rg6+ Kf7 68. Ra6 Rf1+ 69. Kg5 Rg1+ 70. Kh6 b1=Q 71. Ra7+ Kf6
0-1

[Event "EYg16, Budva YUG"]
[Site "?"]
[Date "2003.??.??"]
[Round "4"]
[White "Stojanovic, An"]
[Black "Vasiliev, Olg"]
[Result "0-1"]
[WhiteElo "2170"]
[BlackElo "2185"]
[PlyCount "52"]
[EventDate "2003.??.??"]

1. e4 c5 2. Nf3 Nc6 3. d4 cxd4 4. Nxd4 e5 5. Nb5 d6 6. N1c3 a6 7. Na3 b5 8. Nd5
Nge7 9. Bg5 f6 10. Qh5+ g6 11. Nxf6+ Kf7 12. Qd1 h6 13. Bh4 g5 14. Nh5 Qa5+ 15.
c3 gxh4 16. Qf3+ Ke8 17. O-O-O Ng8 18. Rd5 Be6 19. Nc4 Qxa2 20. Nxd6+ Bxd6 21.
Ng7+ Ke7 22. Nxe6 Nf6 23. Ng7 Nxd5 24. exd5 Nd4 25. cxd4 Rac8+ 26. Kd2 Qxb2+
0-1

[Event "EYg16, Budva YUG"]
[Site "?"]
[Date "2003.??.??"]
[Round "4"]
[White "Kovanova, B."]
[Black "Kirillova, V."]
[Result "1/2-1/2"]
[WhiteElo "2180"]
[BlackElo "2115"]
[PlyCount "77"]
[EventDate "2003.??.??"]

1. e4 c5 2. Nc3 Nc6 3. g3 g6 4. Bg2 Bg7 5. d3 d6 6. Be3 e6 7. Qd2 Nge7 8. Bh6
Bxh6 9. Qxh6 Nd4 10. Qd2 e5 11. Nd5 Nxd5 12. exd5 O-O 13. c3 Nf5 14. Nf3 a6 15.
h4 h5 16. O-O b5 17. Ng5 Rb8 18. Kh2 Qe7 19. Rae1 f6 20. Ne4 Qd8 21. f4 Rb7 22.
fxe5 fxe5 23. Ng5 Re7 24. Be4 Kg7 25. Rf3 Nh6 26. Ref1 Rxf3 27. Rxf3 Re8 28.
Kg2 Rf8 29. d4 Rxf3 30. Bxf3 exd4 31. cxd4 c4 32. Ne6+ Bxe6 33. dxe6 d5 34. Qf4
Nf5 35. Bxh5 Qf6 36. Qc7+ Qe7 37. Qe5+ Qf6 38. Qc7+ Qe7 39. Qe5+ 1/2-1/2

[Event "EYg16, Budva YUG"]
[Site "?"]
[Date "2003.??.??"]
[Round "4"]
[White "Zawadzka, J."]
[Black "Gilbert, Je"]
[Result "1/2-1/2"]
[WhiteElo "2275"]
[BlackElo "2105"]
[PlyCount "30"]
[EventDate "2003.??.??"]

1. e4 c5 2. Nf3 Nc6 3. d4 cxd4 4. Nxd4 g6 5. c4 Nf6 6. Nc3 d6 7. Be3 Ng4 8.
Nxc6 Nxe3 9. Nxd8 Nxd1 10. Rxd1 Kxd8 11. c5 Be6 12. cxd6 exd6 13. Be2 Ke7 14.
Nd5+ Bxd5 15. Rxd5 Rc8 1/2-1/2

[Event "EYg16, Budva YUG"]
[Site "?"]
[Date "2003.??.??"]
[Round "4"]
[White "Bjeloglav, M."]
[Black "Raeva, E."]
[Result "0-1"]
[WhiteElo "2015"]
[BlackElo "2190"]
[PlyCount "64"]
[EventDate "2003.??.??"]

1. e4 c5 2. Nf3 Nc6 3. d4 cxd4 4. Nxd4 g6 5. c4 Bg7 6. Be3 Nf6 7. Nc3 O-O 8.
Be2 d6 9. O-O Bd7 10. Qd2 Ng4 11. Bxg4 Bxg4 12. h3 Bd7 13. f4 Rc8 14. b3 b6 15.
Rad1 Qe8 16. g4 f5 17. exf5 gxf5 18. g5 Qh5 19. Kh2 Kh8 20. Rfe1 Rf7 21. Nde2
h6 22. Rg1 Ne5 23. fxe5 f4 24. Nxf4 Rxf4 25. Rg3 Rh4 26. Bf4 Rxh3+ 27. Rxh3
Qxh3+ 28. Kg1 Qg4+ 29. Kh2 hxg5 30. Bg3 Qh3+ 31. Kg1 Qxg3+ 32. Kh1 Bxe5 0-1

[Event "EYg16, Budva YUG"]
[Site "?"]
[Date "2003.??.??"]
[Round "4"]
[White "Iodo, A."]
[Black "Borosova, Z."]
[Result "1-0"]
[WhiteElo "2160"]
[BlackElo "2055"]
[PlyCount "89"]
[EventDate "2003.??.??"]

1. e4 e5 2. Nf3 Nc6 3. d4 exd4 4. Bc4 Nf6 5. e5 d5 6. Bb5 Ne4 7. Nxd4 Bd7 8.
Bxc6 bxc6 9. O-O Bc5 10. f3 Ng5 11. f4 Ne4 12. Be3 O-O 13. Nd2 f5 14. Nxe4 fxe4
15. Qd2 Qe7 16. Nb3 Bb6 17. Qc3 Bxe3+ 18. Qxe3 Bf5 19. c3 a5 20. Rad1 Rf7 21.
Nd4 Bd7 22. e6 Bxe6 23. Nxc6 Qd6 24. Ne5 Rf6 25. c4 c6 26. Rc1 Raf8 27. cxd5
cxd5 28. g3 Qb4 29. Rc2 Qd6 30. Rc6 Qb8 31. Qd4 Qd8 32. Rfc1 Re8 33. Rc7 Re7
34. Qa7 Rff7 35. Nxf7 Rxf7 36. Rxf7 Bxf7 37. Rc7 Qf8 38. Qxa5 h6 39. Qc5 Qxc5+
40. Rxc5 d4 41. a4 e3 42. Rc8+ Kh7 43. Rd8 e2 44. Kf2 Bc4 45. Rxd4 1-0

[Event "EYg16, Budva YUG"]
[Site "?"]
[Date "2003.??.??"]
[Round "4"]
[White "Rozic, V."]
[Black "Djukic, Sa"]
[Result "1-0"]
[WhiteElo "2135"]
[BlackElo "2030"]
[PlyCount "77"]
[EventDate "2003.??.??"]

1. d4 Nf6 2. Nf3 c5 3. e3 d5 4. c3 Nc6 5. Nbd2 Bg4 6. dxc5 e5 7. b4 e4 8. h3
Bh5 9. g4 Nxg4 10. hxg4 Bxg4 11. Nxe4 dxe4 12. Qxd8+ Rxd8 13. Nd4 Ne5 14. Bb2
a6 15. Kd2 Be7 16. Kc2 Bf3 17. Nxf3 Nxf3 18. Rd1 Rxd1 19. Kxd1 O-O 20. Be2 g5
21. c4 Rd8+ 22. Kc1 g4 23. Rh5 f6 24. Bc3 Rf8 25. Rd5 Kf7 26. b5 Ke6 27. Rh5
Rf7 28. Kc2 Bf8 29. a4 f5 30. Bd4 Ng1 31. Bf1 Nf3 32. Be2 h6 33. Kc3 Kd7 34.
c6+ bxc6 35. bxa6 c5 36. a7 cxd4+ 37. Kb3 Nd2+ 38. Ka2 d3 39. Bd1 1-0

[Event "EYg16, Budva YUG"]
[Site "?"]
[Date "2003.??.??"]
[Round "5"]
[White "Rogule, L."]
[Black "Klimets, E."]
[Result "1-0"]
[WhiteElo "2250"]
[BlackElo "2000"]
[PlyCount "107"]
[EventDate "2003.??.??"]

1. c4 e5 2. Nc3 Bb4 3. Qb3 Nc6 4. Nf3 d6 5. e3 f5 6. d4 e4 7. Nd2 Bxc3 8. Qxc3
Nf6 9. d5 Ne5 10. b3 O-O 11. Bb2 a5 12. a4 Qe7 13. Be2 f4 14. h3 Bf5 15. g4
fxg3 16. fxg3 Nd3+ 17. Bxd3 exd3 18. O-O-O Qxe3 19. g4 Bg6 20. Rde1 Qg5 21. Re7
Rf7 22. Rhe1 Ne4 23. R7xe4 Bxe4 24. h4 Qxg4 25. Nxe4 Qf4+ 26. Qd2 Qxh4 27. Kb1
Raf8 28. Ka2 b6 29. Qc3 Qg4 30. Qxd3 h5 31. Qd4 Rf1 32. Rxf1 Rxf1 33. Qe3 Rf3
34. Qe1 h4 35. Nd2 Rg3 36. Qe8+ Kh7 37. Ne4 Rg2 38. Qe7 Kh6 39. Ka3 Rxb2 40.
Kxb2 Qg2+ 41. Kc3 Qf3+ 42. Kd2 Qg2+ 43. Ke3 Qg1+ 44. Ke2 Qg4+ 45. Kf1 Qf4+ 46.
Nf2 g5 47. Qe6+ Kg7 48. Ke2 Qd4 49. Qe7+ Kg6 50. Qe6+ Kh5 51. Qe8+ Kh6 52. Qf8+
Kg6 53. Qg8+ Kf6 54. Qh8+ 1-0

[Event "EYg16, Budva YUG"]
[Site "?"]
[Date "2003.??.??"]
[Round "5"]
[White "Cherenkova, K."]
[Black "Purtseladze, M."]
[Result "1/2-1/2"]
[WhiteElo "2170"]
[BlackElo "2215"]
[PlyCount "92"]
[EventDate "2003.??.??"]

1. e4 c6 2. d4 d5 3. exd5 cxd5 4. Bd3 Nc6 5. c3 Nf6 6. h3 g6 7. Nf3 Qc7 8. O-O
Bg7 9. Re1 O-O 10. Na3 a6 11. Bd2 b5 12. Nc2 Nh5 13. a4 bxa4 14. Rxa4 Nf6 15.
Qa1 Qb7 16. b4 Ra7 17. Rb1 Bf5 18. Nce1 Bxd3 19. Nxd3 Rfa8 20. Nc5 Qb5 21. Qa2
e6 22. Be3 Nd7 23. Nxd7 Rxd7 24. Ra1 Rda7 25. Rb1 h6 26. Nd2 a5 27. bxa5 Qe2
28. Nb3 Qxa2 29. Rxa2 Rb8 30. Rab2 Bf8 31. Bf4 Rb5 32. Nc5 Rxb2 33. Rxb2 g5 34.
Bb8 Rxa5 35. Bc7 Ra7 36. Bb6 Ra3 37. Rc2 Na5 38. Bxa5 Rxa5 39. Nb3 Ra3 40. Nd2
Kg7 41. Kf1 Bd6 42. g3 Kg6 43. Ke2 Be7 44. Nf1 Bf6 45. Kf3 h5 46. Rc1 Kf5
1/2-1/2

[Event "EYg16, Budva YUG"]
[Site "?"]
[Date "2003.??.??"]
[Round "5"]
[White "Majdan, J."]
[Black "Bannikova, A."]
[Result "0-1"]
[WhiteElo "2170"]
[BlackElo "2195"]
[PlyCount "108"]
[EventDate "2003.??.??"]

1. e4 c5 2. Nf3 Nc6 3. d4 cxd4 4. Nxd4 Nf6 5. Nc3 e5 6. Ndb5 d6 7. a4 a6 8. Na3
Be6 9. Bc4 Be7 10. O-O O-O 11. Be3 Nb4 12. Nd5 Nbxd5 13. Bxd5 Bxd5 14. exd5 Nd7
15. Qd2 f5 16. f4 e4 17. Nc4 Qc7 18. Na5 Bf6 19. Rab1 Rac8 20. Rf2 Nb6 21. Nb3
Nxa4 22. Bd4 Nb6 23. Bxf6 Rxf6 24. Qd4 Nd7 25. Rd1 Qb6 26. g4 Qxd4 27. Rxd4 g6
28. Na5 Rc7 29. g5 Rf8 30. Nc4 Rd8 31. Kf1 Kf8 32. h4 Ke7 33. h5 Rdc8 34. Ne3
Nf8 35. Ke1 b5 36. Kd2 Kf7 37. hxg6+ hxg6 38. Rh2 Ke8 39. Kc1 Rh7 40. Rdd2 Rcc7
41. Kd1 Rce7 42. Rdf2 Kd7 43. Kd2 Kc7 44. Rfg2 Kb6 45. b4 a5 46. bxa5+ Kxa5 47.
Kc1 Kb4 48. Kb2 Nd7 49. Rd2 Nb6 50. c3+ Kc5 51. Rhe2 Rh3 52. Kb3 Nc4 53. Nxc4
bxc4+ 54. Kc2 Rf3 0-1

[Event "EYg16, Budva YUG"]
[Site "?"]
[Date "2003.??.??"]
[Round "5"]
[White "Mar, K."]
[Black "Khudaverdieva, A."]
[Result "1/2-1/2"]
[WhiteElo "2200"]
[BlackElo "2075"]
[PlyCount "95"]
[EventDate "2003.??.??"]

1. e4 e6 2. d4 d5 3. Nd2 Nf6 4. e5 Nfd7 5. Bd3 c5 6. c3 Nc6 7. Ngf3 cxd4 8.
cxd4 Qb6 9. O-O f6 10. exf6 Nxf6 11. Nb3 Bd6 12. Re1 O-O 13. Bg5 Qc7 14. h3 e5
15. dxe5 Nxe5 16. Nxe5 Bxe5 17. Rc1 Qd6 18. Qc2 h6 19. Be3 b6 20. Nd4 Bd7 21.
Qb3 Kh8 22. Nf3 Bf4 23. Bxf4 Qxf4 24. Ne5 Be8 25. Qa3 Ne4 26. Bxe4 Qxf2+ 27.
Kh1 dxe4 28. Rf1 Qxf1+ 29. Rxf1 Rxf1+ 30. Kh2 Rf5 31. Qg3 Bh5 32. Nc4 Rc5 33.
Nd6 Rd5 34. Nxe4 Re8 35. Nc3 Rd2 36. b3 Red8 37. Qf4 Bg6 38. a4 Kh7 39. Qe5 Re8
40. Qf4 Red8 41. Qe5 a6 42. Qe6 R8d6 43. Qe5 R6d4 44. Qe6 R2d3 45. Qxb6 Rf4 46.
Ne2 Rf6 47. Qb4 Rf2 48. Qe1 1/2-1/2

[Event "EYg16, Budva YUG"]
[Site "?"]
[Date "2003.??.??"]
[Round "5"]
[White "Kirillova, V."]
[Black "Iodo, A."]
[Result "1-0"]
[WhiteElo "2115"]
[BlackElo "2160"]
[PlyCount "70"]
[EventDate "2003.??.??"]

1. e4 c5 2. Nf3 Nc6 3. d4 cxd4 4. Nxd4 e5 5. Nb5 a6 6. Nd6+ Bxd6 7. Qxd6 Qf6 8.
Qd1 Qg6 9. f3 Nge7 10. Nc3 d5 11. Nxd5 Nxd5 12. Qxd5 O-O 13. Qd2 Be6 14. c3 h6
15. Qf2 f5 16. Bd3 Rad8 17. exf5 Bxf5 18. Bc4+ Kh8 19. O-O Bd3 20. Bxd3 Rxd3
21. Qe2 Rfd8 22. Be3 e4 23. f4 Ne7 24. Bd4 Nc6 25. f5 Qe8 26. Be3 Qe5 27. Rae1
b5 28. Bc1 b4 29. Qxe4 Qxe4 30. Rxe4 bxc3 31. bxc3 Rxc3 32. f6 Rcd3 33. f7 Rf8
34. Re8 Rd8 35. Rxf8+ Rxf8 1-0

[Event "EYg16, Budva YUG"]
[Site "?"]
[Date "2003.??.??"]
[Round "5"]
[White "Gilbert, Je"]
[Black "Rozic, V."]
[Result "1/2-1/2"]
[WhiteElo "2105"]
[BlackElo "2135"]
[PlyCount "39"]
[EventDate "2003.??.??"]

1. d4 d5 2. c4 e6 3. Nc3 Nf6 4. cxd5 exd5 5. Bg5 Nbd7 6. e3 c6 7. Qc2 Be7 8.
Bd3 O-O 9. Nf3 Re8 10. h3 Ne4 11. Bf4 f5 12. Qb3 Ndf6 13. Ne5 Bd6 14. Bh2 Qe7
15. f3 Ng5 16. O-O Be6 17. Qc2 g6 18. a3 Qc7 19. b4 Nf7 20. f4 1/2-1/2

[Event "EYg16, Budva YUG"]
[Site "?"]
[Date "2003.??.??"]
[Round "5"]
[White "Vasiliev, Olg"]
[Black "Malysheva, P."]
[Result "0-1"]
[WhiteElo "2185"]
[BlackElo "2155"]
[PlyCount "70"]
[EventDate "2003.??.??"]

1. e4 e5 2. Nf3 Nc6 3. Bb5 Nd4 4. Bc4 Bc5 5. Nxd4 Bxd4 6. O-O Nf6 7. c3 Bb6 8.
d4 Qe7 9. Bg5 O-O 10. Kh1 exd4 11. Re1 Nxe4 12. Bxe7 Nxf2+ 13. Kg1 Nxd1 14. Na3
dxc3+ 15. Kf1 Ne3+ 16. Rxe3 Bxe3 17. Bxf8 Kxf8 18. bxc3 c6 19. Ke2 Bc5 20. Nc2
d5 21. Bd3 Bg4+ 22. Kd2 Re8 23. Rd1 b5 24. a3 a5 25. a4 b4 26. cxb4 axb4 27.
Rb1 Rb8 28. a5 Bd6 29. a6 c5 30. Ne3 Bf4 31. g3 Bh6 32. a7 Re8 33. Ra1 Bxe3+
34. Kc2 Ra8 35. Re1 Bf2 0-1

[Event "EYg16, Budva YUG"]
[Site "?"]
[Date "2003.??.??"]
[Round "5"]
[White "Kozak, Ma"]
[Black "Burtasova, A."]
[Result "1/2-1/2"]
[WhiteElo "2055"]
[BlackElo "2200"]
[PlyCount "72"]
[EventDate "2003.??.??"]

1. d4 Nf6 2. c4 c5 3. d5 b5 4. cxb5 a6 5. b6 a5 6. Nc3 Ba6 7. e4 Bxf1 8. Kxf1
d6 9. b7 Ra7 10. Qa4+ Qd7 11. Qxd7+ Nfxd7 12. Nb5 Rxb7 13. a4 Nb6 14. Nf3 g6
15. Bd2 Bg7 16. Bxa5 Bxb2 17. Rb1 Nxa4 18. Nc3 Bxc3 19. Rxb7 O-O 20. Bxc3 Nxc3
21. Rxe7 Na6 22. Ke1 f5 23. exf5 Rxf5 24. Kd2 Nxd5 25. Rd7 Nf6 26. Rb7 Ne4+ 27.
Ke3 d5 28. Ra1 Rf6 29. Ra7 Nb4 30. Ra8+ Kf7 31. Ne5+ Ke6 32. Re8+ Kd6 33. Ra7
Nc2+ 34. Kd3 Nb4+ 35. Ke3 Nc2+ 36. Kd3 Nb4+ 1/2-1/2

[Event "EYg16, Budva YUG"]
[Site "?"]
[Date "2003.??.??"]
[Round "5"]
[White "Efremova, Y."]
[Black "Saulyte, G."]
[Result "1/2-1/2"]
[WhiteElo "2230"]
[BlackElo "2010"]
[PlyCount "68"]
[EventDate "2003.??.??"]

1. e4 c5 2. Nf3 d6 3. d4 cxd4 4. Qxd4 Nc6 5. Bb5 Bg4 6. Nc3 a6 7. Bxc6+ bxc6 8.
Be3 Rb8 9. O-O-O a5 10. a3 c5 11. Qd3 Qb6 12. h3 Bxf3 13. gxf3 Nf6 14. b3 Nd7
15. f4 e6 16. a4 Qc6 17. Nb5 Rb6 18. Bd2 c4 19. Qxc4 Qxc4 20. bxc4 Nc5 21. Be3
Rc6 22. Bxc5 Rxc5 23. c3 Rxc4 24. Rd4 Rxd4 25. Nxd4 Be7 26. Nc6 Bd8 27. Nxd8
Kxd8 28. Rg1 g6 29. Kc2 Kc7 30. h4 d5 31. f3 f5 32. exd5 exd5 33. Re1 Kd6 34.
Rb1 Rc8 1/2-1/2

[Event "EYg16, Budva YUG"]
[Site "?"]
[Date "2003.??.??"]
[Round "5"]
[White "Franciskovic, B."]
[Black "Polagaeva, K."]
[Result "1-0"]
[WhiteElo "2030"]
[BlackElo "2190"]
[PlyCount "97"]
[EventDate "2003.??.??"]

1. Nf3 c5 2. c4 g6 3. g3 Bg7 4. Bg2 Nc6 5. Nc3 e6 6. O-O Nge7 7. d3 d5 8. Bf4
O-O 9. Qc1 d4 10. Ne4 e5 11. Bh6 b6 12. Bxg7 Kxg7 13. Rb1 Qc7 14. a3 a5 15. Ne1
f5 16. Nd2 f4 17. Nc2 fxg3 18. hxg3 Bg4 19. Bf3 Bxf3 20. Nxf3 a4 21. Kg2 Ng8
22. Ng5 Nd8 23. Rh1 h6 24. Ne4 Nf7 25. b4 axb3 26. Rxb3 Nd6 27. Nxd6 Qxd6 28.
Ne1 Qc6+ 29. Nf3 Rae8 30. Qb2 Rf6 31. Rd1 Rb8 32. Qc2 Re6 33. Kg1 Nf6 34. Nd2
g5 35. Ne4 Nxe4 36. dxe4 g4 37. Rdb1 Qe8 38. a4 Ra8 39. Rxb6 Rxb6 40. Rxb6 Rxa4
41. Qc1 Qh8 42. Kg2 Ra2 43. Qh1 Qh7 44. Rb7+ Kg8 45. Rxh7 Kxh7 46. Qh5 Rxe2 47.
Qf5+ Kh8 48. Qxe5+ Kg8 49. Qxc5 1-0

[Event "EYg16, Budva YUG"]
[Site "?"]
[Date "2003.??.??"]
[Round "6"]
[White "Purtseladze, M."]
[Black "Raeva, E."]
[Result "1-0"]
[WhiteElo "2215"]
[BlackElo "2190"]
[PlyCount "101"]
[EventDate "2003.??.??"]

1. d4 d5 2. c4 e6 3. Nf3 Nf6 4. Nc3 Be7 5. Bg5 b6 6. e3 Bb7 7. Be2 O-O 8. Bxf6
Bxf6 9. cxd5 exd5 10. b4 Nc6 11. a3 Ne7 12. O-O a6 13. Qb3 Rb8 14. Na4 Nf5 15.
Rfc1 Nd6 16. Rc2 Nc4 17. Nb2 Nxb2 18. Qxb2 Qe7 19. Rac1 Rfc8 20. Qb3 g6 21. Ne1
Bg7 22. Nd3 Bf8 23. Bf3 c6 24. Rc3 Bg7 25. a4 Re8 26. R3c2 h5 27. b5 cxb5 28.
axb5 a5 29. Bxd5 Bxd5 30. Qxd5 Rbd8 31. Qb3 Qe6 32. Qxe6 Rxe6 33. Rc6 Red6 34.
Rxd6 Rxd6 35. Rc6 Bf8 36. Nb2 Kg7 37. Na4 Rxc6 38. bxc6 Bd6 39. Nxb6 Kf8 40. e4
f6 41. Kf1 Bc7 42. Nc4 a4 43. Ke2 Ke7 44. Kd3 f5 45. f3 Bb8 46. Kc3 Ba7 47. d5
Bc5 48. e5 a3 49. d6+ Kd8 50. c7+ Kc8 51. Kb3 1-0

[Event "EYg16, Budva YUG"]
[Site "?"]
[Date "2003.??.??"]
[Round "6"]
[White "Kirillova, V."]
[Black "Czarnota, D."]
[Result "1-0"]
[WhiteElo "2115"]
[BlackElo "2215"]
[PlyCount "79"]
[EventDate "2003.??.??"]

1. e4 c5 2. Nf3 d6 3. d4 cxd4 4. Nxd4 Nf6 5. Nc3 Nc6 6. Be3 Ng4 7. Bg5 h6 8.
Bh4 g5 9. Bg3 Bg7 10. Nb3 Nge5 11. Be2 Be6 12. Nd5 Ng6 13. c3 O-O 14. h4 gxh4
15. Bxh4 Nxh4 16. Rxh4 Ne5 17. Qd2 Kh7 18. O-O-O Ng6 19. Rh5 Rh8 20. Nd4 Kg8
21. Nf5 Bxf5 22. exf5 Ne5 23. f6 exf6 24. Ne3 Qb6 25. f3 Rd8 26. Nf5 a6 27. f4
Ng6 28. Bc4 Qc7 29. Bd5 b5 30. Qe3 Kf8 31. Kb1 Re8 32. Qf3 Rd8 33. Bb3 d5 34.
g3 a5 35. Rxd5 Rb8 36. Qd3 Kg8 37. Rd7 Qb6 38. Bxf7+ Kf8 39. Bxg6 Qg1+ 40. Qd1
1-0

[Event "EYg16, Budva YUG"]
[Site "?"]
[Date "2003.??.??"]
[Round "6"]
[White "Klimets, E."]
[Black "Cherenkova, K."]
[Result "1/2-1/2"]
[WhiteElo "2000"]
[BlackElo "2170"]
[PlyCount "84"]
[EventDate "2003.??.??"]

1. e4 c5 2. Nf3 e6 3. d4 cxd4 4. Nxd4 Nf6 5. Nc3 d6 6. Bc4 a6 7. Bb3 Be7 8. Be3
O-O 9. g4 Qa5 10. Kf1 d5 11. e5 Ne4 12. Nxe4 dxe4 13. Bf4 Nd7 14. Qe1 Qc7 15.
Qxe4 Nc5 16. Qe2 b6 17. h4 Bb7 18. Rh3 Rfd8 19. Rd1 Rac8 20. Bg5 Nxb3 21. Rxb3
Bd5 22. Rc3 Bc4 23. Rxc4 Qxc4 24. Bxe7 Rxd4 25. Rxd4 Qxd4 26. c3 Qd5 27. Qxa6
Qd1+ 28. Kg2 Qxg4+ 29. Kh2 Qf4+ 30. Kg1 Rb8 31. Bd6 Qg4+ 32. Kh2 Qxh4+ 33. Kg2
Qg4+ 34. Kh1 Qd1+ 35. Kh2 Qh5+ 36. Kg1 Qg5+ 37. Kh2 Qf4+ 38. Kg1 Qg4+ 39. Kh2
Re8 40. Qxb6 h5 41. Qc6 Qh4+ 42. Kg2 Qg5+ 1/2-1/2

[Event "EYg16, Budva YUG"]
[Site "?"]
[Date "2003.??.??"]
[Round "6"]
[White "Mar, K."]
[Black "Franciskovic, B."]
[Result "1/2-1/2"]
[WhiteElo "2200"]
[BlackElo "2030"]
[PlyCount "70"]
[EventDate "2003.??.??"]

1. e4 c6 2. d4 d5 3. Nd2 dxe4 4. Nxe4 Bf5 5. Ng3 Bg6 6. Bc4 e6 7. N1e2 Bd6 8.
h4 h6 9. Nf4 Bxf4 10. Bxf4 Nf6 11. h5 Bh7 12. Qd2 Nbd7 13. O-O-O O-O 14. Bd3
Bxd3 15. Qxd3 b5 16. Ne2 a5 17. g4 Nd5 18. Bd2 c5 19. dxc5 Nxc5 20. Qxb5 Qc7
21. Qc4 Nb4 22. Nc3 Rfc8 23. Kb1 Qb7 24. Qd4 Rab8 25. Bc1 Qc6 26. Qd6 Qf3 27.
Qf4 Qb7 28. g5 hxg5 29. Qxg5 Ne4 30. Nxe4 Qxe4 31. h6 Qxc2+ 32. Ka1 Qh7 33.
Qxg7+ Qxg7 34. hxg7 Nc2+ 35. Kb1 Na3+ 1/2-1/2

[Event "EYg16, Budva YUG"]
[Site "?"]
[Date "2003.??.??"]
[Round "6"]
[White "Vasiliev, Olg"]
[Black "Gilbert, Je"]
[Result "0-1"]
[WhiteElo "2185"]
[BlackElo "2105"]
[PlyCount "52"]
[EventDate "2003.??.??"]

1. e4 c5 2. Nf3 Nc6 3. d4 cxd4 4. Nxd4 g6 5. f4 Bg7 6. Nf3 d6 7. Nc3 Nf6 8. Bd3
O-O 9. O-O d5 10. e5 Ng4 11. Qe1 Nb4 12. Qh4 Nh6 13. f5 Qb6+ 14. Kh1 Nxf5 15.
Bxf5 Bxf5 16. a3 Qa6 17. Bh6 Nxc2 18. Nxd5 Rfe8 19. Rad1 Bd3 20. Ng5 Bxf1 21.
Qf2 f6 22. Rxf1 Bxh6 23. exf6 Rf8 24. f7+ Kh8 25. Ne4 Qd3 26. Ndc3 Ne3 0-1

[Event "EYg16, Budva YUG"]
[Site "?"]
[Date "2003.??.??"]
[Round "6"]
[White "Iodo, A."]
[Black "Kozak, Ma"]
[Result "1-0"]
[WhiteElo "2160"]
[BlackElo "2055"]
[PlyCount "74"]
[EventDate "2003.??.??"]

1. e4 e6 2. d4 d5 3. e5 c5 4. c3 Nc6 5. Nf3 Bd7 6. dxc5 Bxc5 7. b4 Be7 8. Bd3
f6 9. b5 Na5 10. Qe2 fxe5 11. Nxe5 Nf6 12. O-O O-O 13. Nd2 Qc7 14. Ndf3 Bd6 15.
Bd2 b6 16. Nxd7 Qxd7 17. Rae1 Rae8 18. Ne5 Qc7 19. f4 Nb7 20. Ng4 Nc5 21. Nxf6+
Rxf6 22. Bxh7+ Kxh7 23. Qh5+ Rh6 24. Qxe8 Ne4 25. Be3 Qxc3 26. Qc6 Bc5 27. Bxc5
Nxc5 28. Kh1 Qg3 29. h3 Rg6 30. Re2 Ne4 31. Rf3 Qxf3 32. gxf3 Ng3+ 33. Kg2
Nxe2+ 34. Kf1 Nxf4 35. Qc8 e5 36. Qf5 Kh6 37. Qxe5 Nxh3 1-0

[Event "EYg16, Budva YUG"]
[Site "?"]
[Date "2003.??.??"]
[Round "6"]
[White "Rozic, V."]
[Black "Zawadzka, J."]
[Result "1-0"]
[WhiteElo "2135"]
[BlackElo "2275"]
[PlyCount "97"]
[EventDate "2003.??.??"]

1. d4 Nf6 2. Nf3 g6 3. Bg5 Bg7 4. Nbd2 O-O 5. e4 d5 6. exd5 Nxd5 7. Nb3 h6 8.
Bd2 Nd7 9. c4 N5f6 10. Bd3 c5 11. d5 Qc7 12. O-O Ng4 13. h3 Nge5 14. Nxe5 Nxe5
15. Bc3 b5 16. cxb5 Rd8 17. Ba5 Qd6 18. Bxd8 Nxd3 19. Qxd3 Bf5 20. Bxe7 Qxe7
21. Qe3 Qh4 22. Rad1 c4 23. Nd4 Bd3 24. Nf3 Qh5 25. Rxd3 cxd3 26. Qxd3 Rd8 27.
Rd1 Bxb2 28. d6 Qc5 29. Qd5 Qxd5 30. Rxd5 Rd7 31. Nd2 Ba3 32. Nc4 Bb4 33. a3
Bc3 34. Rc5 Bd4 35. Rc7 Rd8 36. a4 Kg7 37. a5 Kf6 38. b6 axb6 39. axb6 Ke6 40.
b7 Rb8 41. d7 Ba7 42. Kf1 h5 43. Na3 Ke7 44. Ke2 Bb6 45. d8=Q+ Kxd8 46. Rxf7
Bc5 47. Nc4 Be7 48. Na5 Kd7 49. Rxe7+ 1-0

[Event "EYg16, Budva YUG"]
[Site "?"]
[Date "2003.??.??"]
[Round "6"]
[White "Djukic, Sa"]
[Black "Padurariu, S."]
[Result "1-0"]
[WhiteElo "2030"]
[BlackElo "2100"]
[PlyCount "118"]
[EventDate "2003.??.??"]

1. d4 d5 2. c4 e6 3. Nc3 Be7 4. Nf3 Nf6 5. cxd5 exd5 6. Bg5 O-O 7. e3 Nbd7 8.
Bd3 Re8 9. Qc2 Nf8 10. h3 Be6 11. O-O-O a6 12. g4 Rc8 13. Kb1 c5 14. Bxf6 Bxf6
15. Rdg1 b5 16. Qd2 Qa5 17. Nxd5 Qxd2 18. Nxf6+ gxf6 19. Nxd2 cxd4 20. Ne4 Red8
21. Nxf6+ Kg7 22. Nh5+ Kh8 23. e4 Bc4 24. Rd1 Ne6 25. Nf6 Nf4 26. Bf1 d3 27. b3
Be6 28. Rd2 Rc3 29. Nh5 Nxh5 30. gxh5 a5 31. Kb2 b4 32. Be2 a4 33. Bd1 a3+ 34.
Kb1 Rdc8 35. Bg4 Bxb3 36. axb3 Rxb3+ 37. Ka2 Rcc3 38. Bd1 Rb2+ 39. Rxb2 axb2
40. Kxb2 d2 41. Bg4 Rd3 42. Kc2 Rd4 43. Rd1 Rxe4 44. Rxd2 h6 45. Kd3 Rf4 46.
Kc2 Kg7 47. Kb3 Kf6 48. Bd1 Kg5 49. Kc2 Kh4 50. Kd3 Kxh3 51. Ke3 Rf6 52. Rd4
Rb6 53. Bb3 Rb5 54. Bxf7 b3 55. Rd1 b2 56. Rb1 Kg4 57. Bg6 Rb3+ 58. Ke4 Rb5 59.
Rg1+ Kh3 1-0

[Event "EYg16, Budva YUG"]
[Site "?"]
[Date "2003.??.??"]
[Round "6"]
[White "Stojanovic, An"]
[Black "Saulyte, G."]
[Result "1-0"]
[WhiteElo "2170"]
[BlackElo "2010"]
[PlyCount "65"]
[EventDate "2003.??.??"]

1. e4 c5 2. Nf3 d6 3. d4 cxd4 4. Nxd4 Nf6 5. Nc3 a6 6. Be2 e5 7. Nb3 Be7 8. O-O
O-O 9. a4 Nc6 10. a5 Be6 11. Be3 Bxb3 12. cxb3 Nxa5 13. Nd5 Nc6 14. Bb6 Qd7 15.
Nxf6+ Bxf6 16. Bg4 Qe7 17. Qd5 g6 18. Rad1 Nd4 19. Rc1 Bg7 20. Rc7 Qh4 21. Bd1
Qf4 22. b4 Qd2 23. Bxd4 Qxd4 24. Bb3 Qxd5 25. Bxd5 Rab8 26. Bxb7 f5 27. Ra1
fxe4 28. Rxa6 e3 29. fxe3 Bh6 30. Ra3 Rf6 31. h3 Rbf8 32. Kh2 Kh8 33. Bd5 1-0

[Event "EYg16, Budva YUG"]
[Site "?"]
[Date "2003.??.??"]
[Round "6"]
[White "Choisy, M."]
[Black "Hegarty, S."]
[Result "0-1"]
[WhiteElo "2020"]
[BlackElo "1870"]
[PlyCount "54"]
[EventDate "2003.??.??"]

1. e4 Nf6 2. e5 Nd5 3. d4 d6 4. Nf3 dxe5 5. Nxe5 g6 6. Bc4 c6 7. O-O Bg7 8. Re1
O-O 9. Bb3 Bf5 10. h3 Nd7 11. Nf3 N7f6 12. c4 Nb6 13. Bf4 c5 14. Nc3 Nh5 15.
Be3 cxd4 16. Nxd4 Bc8 17. c5 Nd7 18. g4 Nhf6 19. g5 Nh5 20. Ne4 Ne5 21. f4 Nxf4
22. Kh2 Nxh3 23. Kh1 Ng4 24. Nc2 Qc7 25. Re2 Bf5 26. Bg1 Bxe4+ 27. Rxe4 Nhf2+
0-1

[Event "EYg16, Budva YUG"]
[Site "?"]
[Date "2003.??.??"]
[Round "7"]
[White "Fominykh, M."]
[Black "Purtseladze, M."]
[Result "1/2-1/2"]
[WhiteElo "2235"]
[BlackElo "2215"]
[PlyCount "49"]
[EventDate "2003.??.??"]

1. Nf3 Nf6 2. g3 d5 3. Bg2 c6 4. O-O Bg4 5. d3 Nbd7 6. c4 e6 7. Nc3 Bd6 8. Rb1
O-O 9. b4 Qe7 10. b5 dxc4 11. bxc6 bxc6 12. Nd4 Ne5 13. dxc4 Bb4 14. Bf4 Bxc3
15. Bxe5 Bxd4 16. Qxd4 Bxe2 17. Rfe1 Rad8 18. Qc3 Bd3 19. Rbd1 Bf5 20. c5 Rxd1
21. Rxd1 Rd8 22. Rxd8+ Qxd8 23. Bxc6 Qd1+ 24. Kg2 Nd5 25. Qb3 1/2-1/2